[Event "29. Klatovy C 2023"]
[Site "Klatovy"]
[Date "2023.07.07"]
[Round "7.4"]
[White "Plasek, Zdenek"]
[Black "Novotny, Jaroslav2"]
[Result "1/2-1/2"]
[WhiteElo "1914"]
[BlackElo "1890"]
[PlyCount "110"]
[EventDate "2023.07.01"]
[EventType "swiss"]
[EventRounds "9"]
[EventCountry "CZE"]
[TimeControl "120+30"]

1. Nf3 {[%emt 0:09:31]} Nf6 {[%emt 0:00:32]} 2. g3 {[%emt 0:00:08]} d5 {[%emt 0:03:07]} 3. Bg2 {[%emt 0:00:11]} Bf5 {[%emt 0:02:10]} 4. d4 {[%emt 0:00:55]} h6 {[%emt 0:01:11]} 5. c4 {[%emt 0:00:17]} e6 {[%emt 0:00:53]} 6. Qb3 {[%emt 0:00:18]} Qc8 {[%emt 0:13:58]} 7. Ne5 {[%emt 0:02:18]} c6 {[%emt 0:03:12]} 8. Nc3 {[%emt 0:00:18]} Nbd7 {[%emt 0:04:37]} 9. O-O {[%emt 0:04:57]} Nxe5 {[%emt 0:01:53]} 10. dxe5 {[%emt 0:00:02]} Nd7 {[%emt 0:00:15]} 11. cxd5 {[%emt 0:04:25]} exd5 {[%emt 0:01:38]} 12. f4 {[%emt 0:01:08]} Bc5+ {[%emt 0:00:49]} 13. Kh1 {[%emt 0:00:08]} O-O {[%emt 0:01:08]} 14. e4 {[%emt 0:00:18]} dxe4 {[%emt 0:01:44]} 15. Nxe4 {[%emt 0:00:23]} Be7 {[%emt 0:01:23]} 16. Be3 {[%emt 0:02:33]} Rd8 {[%emt 0:13:21]} 17. a4 {[%emt 0:04:04]} Bxe4 {[%emt 0:05:33]} 18. Bxe4 {[%emt 0:00:03]} Nc5 {[%emt 0:00:17]} 19. Bxc5 {[%emt 0:05:11]} Bxc5 {[%emt 0:00:02]} 20. Bg6 {[%emt 0:00:16]} Rd5 {[%emt 0:01:32]} 21. Be4 {[%emt 0:00:54]} Rd4 {[%emt 0:02:01]} 22. Qc2 {[%emt 0:01:02]} Qf8 {[%emt 0:11:56]} 23. Rfd1 {[%emt 0:09:49]} Rad8 {[%emt 0:00:28]} 24. Rxd4 {[%emt 0:01:49]} Rxd4 {[%emt 0:00:11]} 25. Rd1 {[%emt 0:00:02]} Qd8 {[%emt 0:01:07]} 26. Rd3 {[%emt 0:01:41]} Rxd3 {[%emt 0:03:00]} 27. Qxd3 {[%emt 0:00:05]} Qxd3 {[%emt 0:01:13]} 28. Bxd3 {[%emt 0:00:29]} Bd4 {[%emt 0:00:31]} 29. b3 {[%emt 0:00:24]} b6 {[%emt 0:01:21]} 30. Kg2 {[%emt 0:01:11]} Kf8 {[%emt 0:00:17]} 31. Kf3 {[%emt 0:00:03]} Ke7 {[%emt 0:00:49]} 32. Ke4 {[%emt 0:00:34]} Bg1 {[%emt 0:00:57]} 33. h3 {[%emt 0:00:06]} Bf2 {[%emt 0:01:00]} 34. Kf3 {[%emt 0:00:40]} Bd4 {[%emt 0:00:18]} 35. Be4 {[%emt 0:01:09]} Kd7 {[%emt 0:01:32]} 36. Bf5+ {[%emt 0:00:11]} Ke7 {[%emt 0:02:18]} 37. Ke4 {[%emt 0:05:50]} Bc3 {[%emt 0:00:32]} 38. Bc8 {[%emt 0:00:24]} a5 {[%emt 0:02:13]} 39. Ba6 {[%emt 0:00:13]} Be1 {[%emt 0:01:16]} 40. g4 {[%emt 0:00:35]} Bc3 {[%emt 0:00:46]} 41. Bb7 {[%emt 0:01:08]} Kd7 {[%emt 0:01:43]} 42. Kf5 {[%emt 0:01:06]} b5 {[%emt 0:05:33]} 43. axb5 {[%emt 0:00:20]} cxb5 {[%emt 0:00:02]} 44. Bd5 {[%emt 0:02:13]} Ke7 {[%emt 0:01:02]} 45. Bc6 {[%emt 0:00:12]} b4 {[%emt 0:01:25]} 46. Bd5 {[%emt 0:02:57]} Be1 {[%emt 0:00:41]} 47. Ke4 {[%emt 0:03:24]} Bf2 {[%emt 0:00:27]} 48. Bc4 {[%emt 0:00:36]} g6 {[%emt 0:01:36]} 49. f5 {[%emt 0:01:00]} gxf5+ {[%emt 0:03:42]} 50. gxf5 {[%emt 0:00:29]} f6 {[%emt 0:00:37]} 51. e6 {[%emt 0:02:18]} h5 {[%emt 0:00:19]} 52. Kd5 {[%emt 0:00:46]} h4 {[%emt 0:00:36]} 53. Kc6 {[%emt 0:00:20]} Be1 {[%emt 0:00:11]} 54. Kb5 {[%emt 0:00:23]} Bd2 {[%emt 0:00:07]} 55. Kxa5 {[%emt 0:00:07]} Be1 {[%emt 0:00:10]} 1/2-1/2

[Event "29. Klatovy C 2023"]
[Site "Klatovy"]
[Date "2023.07.07"]
[Round "7.5"]
[White "Fiser, Jiri2"]
[Black "Ondrejat, Miroslav"]
[Result "0-1"]
[WhiteElo "1784"]
[BlackElo "1834"]
[PlyCount "112"]
[EventDate "2023.07.01"]
[EventType "swiss"]
[EventRounds "9"]
[EventCountry "CZE"]
[TimeControl "120+30"]

1. e4 {[%emt 0:00:34]} c5 {[%emt 0:00:40]} 2. Nf3 {[%emt 0:00:04]} d6 {[%emt 0:00:19]} 3. d4 {[%emt 0:00:02]} cxd4 {[%emt 0:00:11]} 4. Nxd4 {[%emt 0:00:00]} Nf6 {[%emt 0:00:12]} 5. Nc3 {[%emt 0:00:06]} a6 {[%emt 0:00:16]} 6. Be3 {[%emt 0:00:02]} e5 {[%emt 0:00:26]} 7. Nb3 {[%emt 0:00:01]} Be6 {[%emt 0:00:44]} 8. Qd2 {[%emt 0:00:02]} Be7 {[%emt 0:02:17]} 9. f4 {[%emt 0:00:11]} Ng4 {[%emt 0:09:11]} 10. f5 {[%emt 0:06:55]} Bxb3 {[%emt 0:02:40]} 11. axb3 {[%emt 0:00:03]} Nxe3 {[%emt 0:00:14]} 12. Qxe3 {[%emt 0:00:02]} Nd7 {[%emt 0:07:17]} 13. Bc4 {[%emt 0:04:42]} O-O {[%emt 0:04:59]} 14. Bd5 {[%emt 0:01:11]} Rb8 {[%emt 0:01:17]} 15. O-O {[%emt 0:03:10]} Qb6 {[%emt 0:02:25]} 16. Rf3 {[%emt 0:05:31]} Bd8 {[%emt 0:05:22]} 17. Qxb6 {[%emt 0:07:26]} Bxb6+ {[%emt 0:00:10]} 18. Kf1 {[%emt 0:00:27]} Nf6 {[%emt 0:00:44]} 19. Ke2 {[%emt 0:18:58]} Rfc8 {[%emt 0:05:25]} 20. Kd2 {[%emt 0:09:32]} Kf8 {[%emt 0:00:15]} 21. Rd3 {[%emt 0:05:58]} Ke7 {[%emt 0:04:13]} 22. Na4 {[%emt 0:13:30]} Ba7 {[%emt 0:00:43]} 23. c4 {[%emt 0:00:16]} Bd4 {[%emt 0:07:17]} 24. Nc3 {[%emt 0:00:17]} Bxc3+ {[%emt 0:03:55]} 25. bxc3 {[%emt 0:00:46]} Nd7 {[%emt 0:04:27]} 26. Kc2 {[%emt 0:03:33]} h5 {[%emt 0:01:35]} 27. Rad1 {[%emt 0:06:04]} Rh8 {[%emt 0:08:09]} 28. b4 {[%emt 0:04:51]} h4 {[%emt 0:01:29]} 29. c5 {[%emt 0:11:52]} dxc5 {[%emt 0:00:41]} 30. Bxf7 {[%emt 0:00:11]} Nf6 {[%emt 0:00:12]} 31. Bd5 {[%emt 0:00:42]} cxb4 {[%emt 0:00:11]} 32. cxb4 {[%emt 0:00:02]} Rbc8+ {[%emt 0:03:52]} 33. Kb3 {[%emt 0:01:06]} Rc7 {[%emt 0:00:27]} 34. g4 {[%emt 0:04:48]} Rd8 {[%emt 0:12:38]} 35. g5 {[%emt 0:01:20]} Nh5 {[%emt 0:00:05]} 36. Rh3 {[%emt 0:05:44]} Nf4 {[%emt 0:04:51]} 37. Rxh4 {[%emt 0:00:06]} Nxd5 {[%emt 0:00:52]} 38. exd5 {[%emt 0:00:18]} Kd6 {[%emt 0:01:43]} 39. f6 {[%emt 0:04:11]} Rf8 {[%emt 0:04:52]} 40. Rf1 {[%emt 0:06:42]} gxf6 {[%emt 0:05:47]} 41. Rh6 {[%emt 0:01:31]} Kxd5 {[%emt 0:00:27]} 42. Rhxf6 {[%emt 0:00:33]} Rh8 {[%emt 0:11:25]} 43. R1f2 {[%emt 0:04:35]} Rch7 {[%emt 0:04:02]} 44. g6 {[%emt 0:00:32]} Rxh2 {[%emt 0:00:12]} 45. Rxh2 {[%emt 0:00:01]} Rxh2 {[%emt 0:00:18]} 46. Rf7 {[%emt 0:02:54]} Rg2 {[%emt 0:02:00]} 47. g7 {[%emt 0:00:02]} b5 {[%emt 0:02:05]} 48. Rd7+ {[%emt 0:00:46]} Ke4 {[%emt 0:00:27]} 49. Ra7 {[%emt 0:00:24]} Rg3+ {[%emt 0:01:08]} 50. Kc2 {[%emt 0:00:01]} Kd4 {[%emt 0:00:19]} 51. Rxa6 {[%emt 0:01:37]} Rxg7 {[%emt 0:00:04]} 52. Rc6 {[%emt 0:01:08]} Rg2+ {[%emt 0:04:10]} 53. Kc1 {[%emt 0:00:01]} e4 {[%emt 0:01:01]} 54. Rd6+ {[%emt 0:00:20]} Kc3 {[%emt 0:00:15]} 55. Kd1 {[%emt 0:00:02]} e3 {[%emt 0:01:43]} 56. Re6 {[%emt 0:01:23]} e2+ {[%emt 0:00:16]} 0-1

[Event "29. Klatovy C 2023"]
[Site "Klatovy"]
[Date "2023.07.07"]
[Round "7.6"]
[White "Skopec, Lubos"]
[Black "Baumruk, Josef"]
[Result "1/2-1/2"]
[WhiteElo "1824"]
[BlackElo "1947"]
[PlyCount "97"]
[EventDate "2023.07.01"]
[EventType "swiss"]
[EventRounds "9"]
[EventCountry "CZE"]
[TimeControl "120+30"]

1. e4 {[%emt 0:00:01]} Nf6 {[%emt 0:00:12]} 2. e5 {[%emt 0:00:43]} Nd5 {[%emt 0:00:05]} 3. c4 {[%emt 0:00:14]} Nb6 {[%emt 0:00:10]} 4. d4 {[%emt 0:00:07]} d6 {[%emt 0:00:05]} 5. f4 {[%emt 0:01:18]} dxe5 {[%emt 0:02:18]} 6. fxe5 {[%emt 0:00:22]} Nc6 {[%emt 0:00:41]} 7. Be3 {[%emt 0:04:32]} Bf5 {[%emt 0:01:01]} 8. Nc3 {[%emt 0:07:06]} e6 {[%emt 0:00:59]} 9. Nf3 {[%emt 0:02:17]} Be7 {[%emt 0:04:54]} 10. Be2 {[%emt 0:02:03]} O-O {[%emt 0:04:33]} 11. O-O {[%emt 0:00:32]} Rc8 {[%emt 0:05:33]} 12. a3 {[%emt 0:20:36]} f6 {[%emt 0:07:50]} 13. b4 {[%emt 0:10:39]} fxe5 {[%emt 0:04:14]} 14. Nxe5 {[%emt 0:04:24]} Nxe5 {[%emt 0:00:43]} 15. dxe5 {[%emt 0:00:06]} Nd7 {[%emt 0:04:01]} 16. Bf4 {[%emt 0:05:31]} c5 {[%emt 0:06:28]} 17. b5 {[%emt 0:01:01]} Qc7 {[%emt 0:00:42]} 18. Nd5 {[%emt 0:05:24]} exd5 {[%emt 0:08:31]} 19. Qxd5+ {[%emt 0:00:10]} Kh8 {[%emt 0:00:06]} 20. e6 {[%emt 0:01:42]} Nb6 {[%emt 0:00:23]} 21. Bxc7 {[%emt 0:03:26]} Nxd5 {[%emt 0:00:15]} 22. cxd5 {[%emt 0:01:58]} Rxc7 {[%emt 0:07:27]} 23. Rad1 {[%emt 0:12:54]} Bd6 {[%emt 0:04:32]} 24. g4 {[%emt 0:02:31]} Bxe6 {[%emt 0:00:48]} 25. Rxf8+ {[%emt 0:01:35]} Bxf8 {[%emt 0:00:06]} 26. dxe6 {[%emt 0:00:11]} Be7 {[%emt 0:05:01]} 27. Bc4 {[%emt 0:01:50]} h6 {[%emt 0:02:11]} 28. Kg2 {[%emt 0:08:33]} Bf6 {[%emt 0:04:54]} 29. Kf3 {[%emt 0:06:27]} g6 {[%emt 0:04:15]} 30. Ke4 {[%emt 0:00:32]} Kg7 {[%emt 0:00:24]} 31. Kd5 {[%emt 0:12:21]} Be7 {[%emt 0:00:09]} 32. Rf1 {[%emt 0:01:00]} Bf8 {[%emt 0:01:03]} 33. Ke5 {[%emt 0:02:14]} Re7 {[%emt 0:09:43]} 34. Rd1 {[%emt 0:02:58]} Rc7 {[%emt 0:00:27]} 35. Rd7+ {[%emt 0:02:18]} Rxd7 {[%emt 0:00:07]} 36. exd7 {[%emt 0:00:03]} Be7 {[%emt 0:00:15]} 37. Ke6 {[%emt 0:00:37]} Bd8 {[%emt 0:00:13]} 38. Bd5 {[%emt 0:01:03]} b6 {[%emt 0:01:28]} 39. Bc4 {[%emt 0:01:13]} h5 {[%emt 0:01:01]} 40. h3 {[%emt 0:02:28]} hxg4 {[%emt 0:01:40]} 41. hxg4 {[%emt 0:00:05]} g5 {[%emt 0:00:49]} 42. a4 {[%emt 0:03:09]} Kf8 {[%emt 0:00:14]} 43. Kd6 {[%emt 0:00:16]} Kg7 {[%emt 0:00:51]} 44. a5 {[%emt 0:03:31]} bxa5 {[%emt 0:00:26]} 45. Kxc5 {[%emt 0:00:06]} Kf6 {[%emt 0:01:43]} 46. Kd6 {[%emt 0:04:15]} Bb6 {[%emt 0:00:19]} 47. Bb3 {[%emt 0:00:24]} Bd8 {[%emt 0:00:16]} 48. Kc6 {[%emt 0:03:47]} Ke7 {[%emt 0:00:08]} 49. Kb7 {[%emt 0:01:56]} 1/2-1/2

[Event "29. Klatovy C 2023"]
[Site "Klatovy"]
[Date "2023.07.07"]
[Round "7.7"]
[White "Havelka, Petr"]
[Black "Richter, Martin1"]
[Result "1/2-1/2"]
[WhiteElo "1770"]
[BlackElo "1946"]
[PlyCount "44"]
[EventDate "2023.07.01"]
[EventType "swiss"]
[EventRounds "9"]
[EventCountry "CZE"]
[TimeControl "120+30"]

1. d4 {[%emt 0:00:11]} Nf6 {[%emt 0:00:17]} 2. c4 {[%emt 0:00:32]} e6 {[%emt 0:00:15]} 3. Nf3 {[%emt 0:00:23]} Bb4+ {[%emt 0:00:30]} 4. Bd2 {[%emt 0:00:48]} c5 {[%emt 0:00:27]} 5. dxc5 {[%emt 0:01:18]} Qa5 {[%emt 0:01:15]} 6. a3 {[%emt 0:05:43]} Bxd2+ {[%emt 0:00:15]} 7. Nbxd2 {[%emt 0:00:32]} Qxc5 {[%emt 0:00:27]} 8. e3 {[%emt 0:01:11]} O-O {[%emt 0:00:48]} 9. Be2 {[%emt 0:01:23]} b6 {[%emt 0:00:30]} 10. O-O {[%emt 0:00:46]} Bb7 {[%emt 0:00:31]} 11. b4 {[%emt 0:00:52]} Qe7 {[%emt 0:00:50]} 12. Rc1 {[%emt 0:01:31]} d6 {[%emt 0:03:54]} 13. Qb3 {[%emt 0:06:18]} Nbd7 {[%emt 0:03:34]} 14. Rfd1 {[%emt 0:03:08]} Rfc8 {[%emt 0:07:49]} 15. h3 {[%emt 0:03:20]} d5 {[%emt 0:01:17]} 16. cxd5 {[%emt 0:03:25]} Nxd5 {[%emt 0:02:16]} 17. Qb2 {[%emt 0:05:34]} a6 {[%emt 0:18:09]} 18. Nb3 {[%emt 0:06:26]} Qf6 {[%emt 0:08:38]} 19. Qd2 {[%emt 0:12:30]} Ne5 {[%emt 0:31:58]} 20. Rxc8+ {[%emt 0:06:23]} Rxc8 {[%emt 0:00:11]} 21. Nxe5 {[%emt 0:16:44]} Qxe5 {[%emt 0:00:31]} 22. Bf3 {[%emt 0:10:27]} Qc3 {[%emt 0:16:23]} 1/2-1/2

[Event "29. Klatovy C 2023"]
[Site "Klatovy"]
[Date "2023.07.07"]
[Round "7.9"]
[White "Hlavac, Rudolf"]
[Black "Macho, Miloslav"]
[Result "1-0"]
[WhiteElo "1827"]
[BlackElo "1705"]
[PlyCount "85"]
[EventDate "2023.07.01"]
[EventType "swiss"]
[EventRounds "9"]
[EventCountry "CZE"]

1. e4 Nf6 2. e5 Nd5 3. d4 d6 4. c4 Nb6 5. exd6 cxd6 6. Nc3 g6 7. Be3 Bg7 8. Rc1 O-O 9. b3 N6d7 10. Nf3 Nc6 11. Be2 Nf6 12. h3 Bf5 13. O-O d5 14. c5 Ne4 15. Bf4 Nxc3 16. Rxc3 Qa5 17. Qd2 Rad8 18. Rd1 Be4 19. Ne5 Nxe5 20. dxe5 Bf5 21. Rcc1 Qc7 22. Qd4 Qa5 23. Rd2 Rc8 24. b4 Qa3 25. Rc3 Qa4 26. Bd1 Qb5 27. a4 Qe8 28. Qxd5 Rd8 29. Qxd8 Qxd8 30. Rxd8 Rxd8 31. Be2 Rd4 32. Rc4 Rd7 33. b5 Be6 34. c6 bxc6 35. bxc6 Rc7 36. Rc5 Kf8 37. Bd2 Ke8 38. Ba5 Kd8 39. f4 Bh6 40. g3 Bxh3 41. Rd5+ Kc8 42. Ba6+ Kb8 43. Rb5+ 1-0

[Event "29. Klatovy C 2023"]
[Site "Klatovy"]
[Date "2023.07.07"]
[Round "7.10"]
[White "Truksa, Vaclav"]
[Black "Vachal, Josef"]
[Result "1/2-1/2"]
[WhiteElo "1725"]
[BlackElo "1762"]
[PlyCount "23"]
[EventDate "2023.07.01"]
[EventType "swiss"]
[EventRounds "9"]
[EventCountry "CZE"]

1. d4 Nf6 2. c4 g6 3. Nc3 d5 4. cxd5 Nxd5 5. e4 Nxc3 6. bxc3 Bg7 7. Qc2 O-O 8. Nf3 c5 9. Bb2 Qa5 10. Qd2 Rd8 11. Bc4 cxd4 12. cxd4 1/2-1/2

[Event "29. Klatovy C 2023"]
[Site "Klatovy"]
[Date "2023.07.07"]
[Round "7.11"]
[White "Mlynek, Petr"]
[Black "Vavrinek, Tomas"]
[Result "1/2-1/2"]
[WhiteElo "2035"]
[BlackElo "1698"]
[PlyCount "86"]
[EventDate "2023.07.01"]
[EventType "swiss"]
[EventRounds "9"]
[EventCountry "CZE"]

1. d4 d5 2. c4 e6 3. Nf3 Nf6 4. g3 b6 5. cxd5 exd5 6. Bg2 Bb7 7. O-O Be7 8. Nc3 Nbd7 9. Bf4 Nh5 10. Bd2 O-O 11. Ne5 Nhf6 12. Qb3 Nxe5 13. dxe5 Ne4 14. Rad1 Nxd2 15. Rxd2 c6 16. Rfd1 Qc7 17. e4 Qxe5 18. exd5 cxd5 19. Nxd5 Bxd5 20. Rxd5 Qf6 21. Rd7 Rad8 22. Qf3 Qxf3 23. Bxf3 Rxd7 24. Rxd7 Bf6 25. b3 Rd8 26. Rxa7 g6 27. Ra8 Rxa8 28. Bxa8 Bd4 29. Kf1 Kf8 30. Ke2 Bc5 31. f3 Ke7 32. Kd3 Kd6 33. Kc4 Bg1 34. h3 g5 35. Be4 h5 36. a4 Bf2 37. Kb5 Kc7 38. f4 f6 39. fxg5 fxg5 40. Bf3 g4 41. hxg4 hxg4 42. Bxg4 Bxg3 43. b4 Bf2 1/2-1/2

[Event "29. Klatovy C 2023"]
[Site "Klatovy"]
[Date "2023.07.07"]
[Round "7.12"]
[White "Korsa, Jindrich"]
[Black "Skalny, Petr"]
[Result "1-0"]
[WhiteElo "1997"]
[BlackElo "1561"]
[PlyCount "25"]
[EventDate "2023.07.01"]
[EventType "swiss"]
[EventRounds "9"]
[EventCountry "CZE"]

1. e4 d5 2. exd5 Qxd5 3. Nc3 Qa5 4. d4 c6 5. Nf3 Nf6 6. Bc4 Bf5 7. O-O e6 8. Ne5 Bd6 9. Re1 O-O 10. g4 Bxe5 11. gxf5 Bd6 12. fxe6 fxe6 13. Rxe6 1-0

[Event "29. Klatovy C 2023"]
[Site "Klatovy"]
[Date "2023.07.07"]
[Round "7.13"]
[White "Sibl, Vaclav"]
[Black "Rezny, Frantisek"]
[Result "1-0"]
[WhiteElo "1840"]
[BlackElo "1476"]
[PlyCount "49"]
[EventDate "2023.07.01"]
[EventType "swiss"]
[EventRounds "9"]
[EventCountry "CZE"]

1. d4 d5 2. Bf4 Nf6 3. e3 e6 4. Nf3 c5 5. Nbd2 cxd4 6. exd4 Be7 7. c3 O-O 8. Bd3 Nbd7 9. Ne5 Bd6 10. Nxf7 Rxf7 11. Bxd6 Nf8 12. Be5 Ng6 13. Bxg6 hxg6 14. Qc2 Ng4 15. Nf3 Qf8 16. h3 Nxe5 17. Nxe5 Rf6 18. Nxg6 Qf7 19. Ne5 Qh5 20. Qe2 Qe8 21. O-O Bd7 22. Qe3 Bb5 23. Rfe1 Qe7 24. b3 Raf8 25. f3 1-0

[Event "29. Klatovy C 2023"]
[Site "Klatovy"]
[Date "2023.07.07"]
[Round "7.14"]
[White "Sykora, Vaclav"]
[Black "Kovar, Vaclav 1953"]
[Result "1/2-1/2"]
[WhiteElo "1380"]
[BlackElo "1583"]
[PlyCount "22"]
[EventDate "2023.07.01"]
[EventType "swiss"]
[EventRounds "9"]
[EventCountry "CZE"]

1. c4 Nf6 2. Nc3 g6 3. b3 Bg7 4. Bb2 O-O 5. d3 e6 6. Nf3 d5 7. g3 Nc6 8. Bg2 Re8 9. cxd5 exd5 10. O-O Ne7 11. e3 c6 1/2-1/2

[Event "29. Klatovy C 2023"]
[Site "Klatovy"]
[Date "2023.07.07"]
[Round "7.15"]
[White "Burgermeister, Michal"]
[Black "Svec, Ludek"]
[Result "0-1"]
[WhiteElo "1745"]
[BlackElo "1614"]
[PlyCount "84"]
[EventDate "2023.07.01"]
[EventType "swiss"]
[EventRounds "9"]
[EventCountry "CZE"]

1. e4 c5 2. Nc3 e6 3. g3 Nc6 4. Bg2 Nf6 5. Nge2 Be7 6. O-O O-O 7. f4 d5 8. d3 dxe4 9. Nxe4 Qc7 10. c3 b6 11. h3 Rd8 12. Qc2 Ba6 13. Nf2 Rac8 14. Rd1 Rd7 15. Qa4 Bb7 16. a3 Rcd8 17. b4 a5 18. b5 Na7 19. c4 Bxg2 20. Kxg2 Qb7+ 21. Kg1 Qf3 22. Qc2 Nh5 23. g4 Ng3 24. Nxg3 Qxg3+ 25. Kf1 Bf6 26. Ra2 Bd4 27. Qe2 Bxf2 28. Qxf2 Qxh3+ 29. Qg2 Qxg2+ 30. Kxg2 Rxd3 31. Rxd3 Rxd3 32. Rd2 Rxd2+ 33. Bxd2 a4 34. f5 exf5 35. gxf5 Nc8 36. Bf4 f6 37. Kf3 g5 38. Bc7 Kf7 39. Ke4 Ke8 40. Kd5 Kd7 41. Bg3 h5 42. Ke4 Nd6+ 0-1

[Event "29. Klatovy C 2023"]
[Site "Klatovy"]
[Date "2023.07.07"]
[Round "7.16"]
[White "Kotrba, Antonin"]
[Black "Danko, Jiri"]
[Result "0-1"]
[WhiteElo "1125"]
[BlackElo "1873"]
[PlyCount "78"]
[EventDate "2023.07.01"]
[EventType "swiss"]
[EventRounds "9"]
[EventCountry "CZE"]

1. d4 Nf6 2. Nf3 g6 3. g3 Bg7 4. Bg2 O-O 5. O-O c6 6. Nbd2 d5 7. Re1 Nbd7 8. e4 dxe4 9. Nxe4 Nxe4 10. Rxe4 Nb6 11. b3 Re8 12. Re1 Bg4 13. Qd3 Bxf3 14. Bxf3 Qxd4 15. Qxd4 Bxd4 16. Rb1 e5 17. Bg5 Kg7 18. Rbd1 f6 19. Bd2 f5 20. Bc1 Rad8 21. Bg2 Kf7 22. Kf1 Nd5 23. Bxd5+ Rxd5 24. Re2 Re7 25. Be3 Bxe3 26. Rxd5 cxd5 27. Rxe3 d4 28. Re1 Ke6 29. Rd1 Rc7 30. Rd2 Rc3 31. Ke2 Kd5 32. Kd1 b5 33. Rd3 b4 34. Rxc3 dxc3 35. Ke2 g5 36. Ke3 g4 37. Kd3 f4 38. gxf4 exf4 39. Ke2 Ke4 0-1

[Event "29. Klatovy C 2023"]
[Site "Klatovy"]
[Date "2023.07.07"]
[Round "7.17"]
[White "Prachar, Josef"]
[Black "Jezikowska, Nadzieja 1962"]
[Result "1-0"]
[WhiteElo "1732"]
[BlackElo "1299"]
[Annotator "Mako"]
[PlyCount "69"]
[EventDate "2023.07.01"]
[EventType "swiss"]
[EventRounds "9"]
[EventCountry "CZE"]

1. d4 d5 2. c4 e6 3. Nc3 dxc4 4. Nf3 Nf6 5. e4 Be7 6. Bxc4 a6 7. O-O O-O 8. Bg5 b5 9. Bd3 Bb7 10. e5 Nd5 11. Bxe7 Qxe7 12. Ne4 Nd7 13. Rc1 Rac8 14. Nc5 Nxc5 15. Rxc5 Nf4 16. Bb1 Rfd8 17. Ne1 Qxc5 18. Bxh7+ Kxh7 19. Qb1+ g6 20. dxc5 Rd2 21. Nf3 Bxf3 22. gxf3 Rcd8 23. Qe4 Nh5 24. Qc6 R8d5 25. Qxc7 Kg7 26. Qb6 Nf4 27. Qc7 Rxb2 28. c6 Rdd2 29. Qb6 Nd5 30. Qxa6 Rxa2 31. Qxb5 Rdb2 32. Qd3 Rd2 33. Qe4 Rac2 34. Qh4 Rxc6 35. Ra1 {Dale nesrozumitelny zapis.} 1-0

[Event "29. Klatovy C 2023"]
[Site "Klatovy"]
[Date "2023.07.07"]
[Round "7.18"]
[White "Vyskocil, Vladimir"]
[Black "Nussbauer, Ladislav"]
[Result "0-1"]
[WhiteElo "1735"]
[BlackElo "1516"]
[PlyCount "104"]
[EventDate "2023.07.01"]
[EventType "swiss"]
[EventRounds "9"]
[EventCountry "CZE"]

1. e4 e6 2. d4 d5 3. exd5 exd5 4. Nf3 Bd6 5. Nc3 Ne7 6. Bg5 f6 7. Be3 O-O 8. Bd3 c6 9. Qd2 Re8 10. Ne2 a5 11. Bf4 Bf5 12. O-O-O Qc7 13. Bxd6 Qxd6 14. Ng3 Bxd3 15. Qxd3 Ng6 16. Nf5 Qf8 17. g3 Nd7 18. h4 Re6 19. h5 Ne7 20. g4 Re8 21. Ne3 Nc8 22. Rde1 Nd6 23. Nd2 R8e7 24. Ng2 Qe8 25. Kd1 Nb6 26. b3 a4 27. Rxe6 Rxe6 28. Re1 axb3 29. axb3 Nbc8 30. Rxe6 Qxe6 31. Qe2 Kf7 32. Qxe6+ Kxe6 33. Nf4+ Kd7 34. Ke2 Ne7 35. Kd3 f5 36. g5 Ne4 37. Nxe4 fxe4+ 38. Ke2 Nf5 39. c3 Kd6 40. f3 h6 41. gxh6 gxh6 42. Kf2 b6 43. Ng6 e3+ 44. Ke2 Ke6 45. Nf4+ Kf6 46. Ng2 Kg5 47. Nxe3 Nxe3 48. Kxe3 Kxh5 49. Kf4 Kg6 50. c4 h5 51. Kg3 Kg5 52. cxd5 cxd5 0-1

[Event "29. Klatovy C 2023"]
[Site "Klatovy"]
[Date "2023.07.07"]
[Round "7.19"]
[White "Berka, Lubos"]
[Black "Nisztuk, Michal"]
[Result "0-1"]
[WhiteElo "1715"]
[BlackElo "1424"]
[PlyCount "63"]
[EventDate "2023.07.01"]
[EventType "swiss"]
[EventRounds "9"]
[EventCountry "CZE"]

1. e4 e5 2. Nc3 Nf6 3. Bc4 Bb4 4. d3 O-O 5. Nge2 c6 6. Bg5 d6 7. O-O Bg4 8. h3 Bh5 9. g4 Bg6 10. f4 exf4 11. Nxf4 Bxc3 12. bxc3 Nbd7 13. Nxg6 hxg6 14. Qd2 a5 15. a4 b5 16. Bb3 Qc7 17. Qh2 c5 18. axb5 c4 19. Bxc4 Qc5+ 20. Kh1 Qxg5 21. Qxd6 Ne5 22. Bd5 Rfd8 23. Qc5 Rdc8 24. Qe7 Re8 25. Qc5 Rac8 26. Qf2 Rxc3 27. Rxa5 Nxd5 28. exd5 Rec8 29. Ra2 f6 30. b6 Nxg4 31. hxg4 Qh6+ 32. Kg1 0-1

[Event "29. Klatovy C 2023"]
[Site "Klatovy"]
[Date "2023.07.07"]
[Round "7.20"]
[White "Novotny, Jaromir"]
[Black "Novy, Jan"]
[Result "1-0"]
[WhiteElo "1681"]
[BlackElo "1403"]
[PlyCount "44"]
[EventDate "2023.07.01"]
[EventType "swiss"]
[EventRounds "9"]
[EventCountry "CZE"]

1. e4 d5 2. exd5 Nf6 3. Bb5+ Nbd7 4. c4 a6 5. Bxd7+ Bxd7 6. Nc3 Bg4 7. Nge2 g6 8. Qa4+ Bd7 9. Qb3 Rb8 10. O-O Bg7 11. d3 O-O 12. Ne4 Re8 13. N2g3 c6 14. d6 exd6 15. Nxd6 Qc7 16. Nxe8 Rxe8 17. Rb1 Be6 18. Qc2 c5 19. f4 Ra8 20. f5 Bd7 21. fxg6 Ng4 22. gxh7+ Kh8 1-0

[Event "29. Klatovy C 2023"]
[Site "Klatovy"]
[Date "2023.07.07"]
[Round "7.21"]
[White "Tomecek, Marian"]
[Black "Hanzlik, Jiri"]
[Result "1-0"]
[WhiteElo "1294"]
[BlackElo "1585"]
[PlyCount "105"]
[EventDate "2023.07.01"]
[EventType "swiss"]
[EventRounds "9"]
[EventCountry "CZE"]

1. e4 e6 2. d4 g6 3. e5 d5 4. Nf3 Nc6 5. Be2 Be7 6. O-O a6 7. b3 Bd7 8. Bb2 Nh6 9. Nbd2 Nf5 10. c4 Nh4 11. Nxh4 Bxh4 12. Nf3 Be7 13. cxd5 exd5 14. a3 Be6 15. b4 Na7 16. Rc1 c6 17. Qd2 Nb5 18. a4 Nc7 19. Ba3 O-O 20. Ra1 b5 21. a5 Ne8 22. Bc1 Ng7 23. Qh6 Nf5 24. Qd2 Re8 25. Qc3 Rc8 26. Bd2 Qd7 27. Bg5 Bxg5 28. Nxg5 h6 29. Nxe6 Rxe6 30. Bg4 h5 31. Bxf5 gxf5 32. Qf3 Rh6 33. Qg3+ Rg6 34. Qh4 Qe6 35. Ra3 Rh6 36. Rg3+ Kh7 37. Rf3 Rg8 38. Rg3 Rg4 39. Qd8 Rxg3 40. fxg3 Kg7 41. Qg5+ Qg6 42. Rxf5 Qxg5 43. Rxg5+ Kh7 44. Rf5 Kg6 45. Rf6+ Kg7 46. Rxh6 Kxh6 47. Kf2 Kg5 48. h3 Kg6 49. Kf3 Kg5 50. g4 hxg4+ 51. hxg4 Kg6 52. Kf4 f6 53. e6 1-0

[Event "29. Klatovy C 2023"]
[Site "Klatovy"]
[Date "2023.07.07"]
[Round "7.22"]
[White "Kotesovec, Jaroslav"]
[Black "Stanke, Vilem"]
[Result "1/2-1/2"]
[WhiteElo "1473"]
[BlackElo "1306"]
[PlyCount "118"]
[EventDate "2023.07.01"]
[EventType "swiss"]
[EventRounds "9"]
[EventCountry "CZE"]

1. e4 e5 2. Nf3 Nc6 3. d4 exd4 4. Nxd4 Qf6 5. Be3 Bc5 6. c3 Nge7 7. b4 Bxd4 8. Bxd4 Nxd4 9. cxd4 d6 10. Nc3 O-O 11. Be2 Nc6 12. Nd5 Qxd4 13. Bf3 Be6 14. b5 Qxd1+ 15. Kxd1 Bxd5 16. exd5 Nd4 17. Be4 Nxb5 18. Rc1 Rac8 19. Kd2 a6 20. Kd3 g5 21. a4 Na7 22. Rhe1 f5 23. Bf3 g4 24. Bd1 Kg7 25. Rc2 c5 26. Rce2 Rcd8 27. Re6 b5 28. a5 Rd7 29. f4 Rf6 30. Re7+ Rf7 31. R7e6 Nc8 32. h3 h5 33. Bc2 Rfe7 34. Kc3 Rxe6 35. Rxe6 Re7 36. Bxf5 Rxe6 37. Bxe6 Ne7 38. Kd3 Kf6 39. hxg4 hxg4 40. Ke4 b4 41. Bxg4 b3 42. Bd1 b2 43. Bc2 Nf5 44. g4 Nd4 45. Kd3 Kg7 46. f5 Kf6 47. Kc3 Ke5 48. Kxb2 Kxd5 49. g5 Ke5 50. g6 Kf6 51. Kc3 Nb5+ 52. Kd3 Nc7 53. Kc4 Kg7 54. Kd3 Kf6 55. Ke4 Kg7 56. Kf4 Nd5+ 57. Kg5 c4 58. Be4 Nf6 59. Kf4 Nh5+ 1/2-1/2